000
00339 a2200169 4500
001
186853
020
_a
85-262-3725-X
040
_c
Magnum
100
_a
Chianca, Leonardo
240
1
0
_a
Odisséia
_l
por
245
1
0
_a
Odisséia
300
_a
47
362
0
_a
2000
440
1
_a
Scipione
697
_a
LITERATURA INFANTO
942
_c
BK
999
_c
186853
_d
186853